000 01219cam a22002771a 4500
001 25226
003 BD-RjUL
005 20211209050841.0
008 140316t1936 enkb b 001 0 eng d
035 _a(BD-RjUL)
035 _a(BD-RjUL)
040 _aNUN
_beng
_cNUN
_dNUNE
_dVJTL
_dBD-RjUL
041 _aeng
082 0 4 _a940
_221
_bEUR 1936
245 0 0 _aEuropean civilization :
_bits origin and development /
_cby various contributors, under the direction of Edward Eyre.
_nVolume-IV
260 _aLondon :
_bOxford University Press,
_c1936.
300 _aV-4 (754 p.) ;
_c23 cm.
504 _aIncludes bibliographical references and index.
505 0 _av. 1. Prehistoric man and earliest known societies. [1934] -- v. .2. Rome and Christendom. 1935 -- v. 3. The Middle Ages. 1935 -- v. 4. The Reformation. 1936 -- v. 5. Economic history of Europe since the Reformation. 1937 -- v. 6. Political and cultural history of Europe since the Reformation. 1937 -- v. 7. The relations of Europe with non-European peoples. 1939.
651 0 _aEurope
_xCivilization.
_977594
651 0 _aEurope
_xHistory.
_977595
700 1 _aEyre, Edward.
_976499
942 _2ddc
_cBK
999 _c25226
_d25226